Κατάλογος Βιβλιοθηκών Mediterranean College

Δίκαιο Ανταγωνισμού / Αθέμιτου και Ελεύθερου (Record no. 4378)

MARC details
000 -LEADER
fixed length control field 02394cam a22002054a 4500
005 - ΗΜΕΡΟΜΗΝΙΑ ΚΑΙ ΩΡΑ ΤΕΛΕΥΤΑΙΑΣ ΕΝΗΜΕΡΩΣΗΣ
Πεδίο ελέγχου 20250605164144.0
008 - FIXED-LENGTH DATA ELEMENTS--GENERAL INFORMATION
Πεδίο ελέγχου σταθερού μήκους 250528s ||||||||||||||||||||||||d
035 ## - SYSTEM CONTROL NUMBER
System control number 19099
020 ## - ISBN
ISBN 504021
040 ## - ΠΗΓΗ ΚΑΤΑΛΟΓΟΓΡΑΦΗΣΗΣ
Φορέας πρωτότυπης καταλογογράφησης MC Athens Campus Library
Γλώσσα καταλογογράφησης Ελληνικά, Μοντέρνα (1453-)
Modifying agency MC Athens Campus Library
Κανόνες περιγραφικής καταλογογράφησης AACR2
245 1# - ΤΙΤΛΟΣ ΚΑΙ ΔΗΛΩΣΗ ΥΠΕΥΘΥΝΟΤΗΤΑΣ
Τίτλος Δίκαιο Ανταγωνισμού / Αθέμιτου και Ελεύθερου
250 ## - EDITION STATEMENT
Edition statement
260 ## - PUBLICATION, DISTRIBUTION, ETC.
Name of publisher, distributor, etc. Σάκκουλα,
Date of publication, distribution, etc. 1986
300 ## - PHYSICAL DESCRIPTION
Extent 330
520 ## - SUMMARY, ETC.
Summary, etc. Γενική Εισαγώγη, Ανταγωνισμός και Δίκαιο Ανταγωνισμού, Ανταγωνισμός, Το Δίκαιο του Ανταγωνισμού, Δίκαιο του Αθέμιτου Ανταγωνισμού, Θεμελιώδη Ζητήματα, Η Δικαιίκή Κάλυψη, Το Δικαιίκό Πεδίο Εφαρμογής, Η Γενική Ρήτρα του Αθέμιτου Ανταγωνισμού, Αναγνώριση της Ουσίας και των Προϋποθέσεων της Γενικής Ρήτρας, Αθέμιτες Ανταγωνιστικές Πράξεις στο Πλαίσιο της Γενικής Ρήτρας, Παράνομες υπό Στενή Έννοια Ανταγωνιστικές Πράξεις, Ανακριβείς Δηλώσεις, Αναγγελία Εκποιήσεως Εμπορευματών από Πτώχευση, Αναγγελία Εκποιήσεως Λόγω Διαλύσεως, Πράξεις κατά της Φήμης της Επιχειρήσεως, Δυσφημίσεις, Προσβολή Διακριτών Γνωρισμάτων, Προσβολή Εμπορικών και Βιομηχανικών Απόρρητων, Έννομη Προστασία, Οι Αξιώσεις, Το Δίκαιο του Ελεύθερου Ανταγωνισμού, Διάπλαση των Συστημάτων Προστασίας του Ελεύθερου Ανταγωνισμού, Το Ελληνικό Δίκαιο Προστασίας του Ελεύθερου Ανταγωνισμού, Υποκείμενα των Απαγορευτικών Κανόνων, Αντικείμενα των Απαγορευτικών Κανόνων, Απαγορευτικές Συμπράξεις, Καταχρηστική Εκμετάλλευση Δεσπόζουσας Θέσεως.
700 1# - ΠΡΟΣΘΕΤΗ ΑΝΑΓΡΑΦΗ--ΦΥΣΙΚΟ ΠΡΟΣΩΠΟ
Personal name Κοτσίρης Λάμπρος
9 (RLIN) 5306
942 ## - ADDED ENTRY ELEMENTS (KOHA)
Koha item type Books
Holdings
Τύπος τεκμηρίου Βιβλιοθήκη Τρέχουσα τοποθεσία Barcode Αριθμός εισαγωγής Ημερομηνία απόκτησης Ταξιθετικό σύμβολο Αριθμός αντιτύπου Κατάσταση απόσυρσης Κατάσταση χαμένου Κατάσταση κατεστραμμένου Μη δανεισμός Σύνολο δανεισμών Ημερομηνία τελευταίας εμφάνισης Η τιμή ισχύει από
Books MC Athens Campus Library MC Athens Campus Library 9780000043771 4038 05/06/2025 343.0721 KOT 1           05/06/2025 05/06/2025

MC Athens Campus Library
Πατησίων 94 & Κοδριγκτώνος 13, 104 34
Πελλήνης 8 & Πατησίων 107, 112 51
Τ: +30 210 8899600

MC Thessaloniki Campus Library
Ίωνος Δραγούμη 21, 54625 | Ίωνος Δραγούμη 15, 54625
Τ: +30 2310 287779 – Τ: +30 2314 440300